Economic and social survey of Asia in the Pacific 1981 (Record no. 1453277)

MARC details
000 -LEADER
fixed length control field 00554nam a2200193Ia 4500
005 - DATE AND TIME OF LATEST TRANSACTION
control field 20250923145608.0
008 - FIXED-LENGTH DATA ELEMENTS--GENERAL INFORMATION
fixed length control field 008 250917s9999 xx 000 0 eng d
037 ## - SOURCE OF ACQUISITION
Stock number Textual
040 ## - CATALOGING SOURCE
Original cataloging agency DSWL
Language of cataloging eng
Transcribing agency DSWL
041 ## - LANGUAGE CODE
Language code of text/sound track or separate title eng
Source of code eng
084 ## - COLON CLASSIFICATION NUMBER
Classification number X.4sN81, N82
Assigning agency DSWL
245 #0 - TITLE STATEMENT
Title Economic and social survey of Asia in the Pacific 1981
Statement of responsibility, etc. by United Nations
260 ## - PUBLICATION, DISTRIBUTION, ETC.
Place of publication, distribution, etc. Hongkok
Name of publisher, distributor, etc. Escap
Date of publication, distribution, etc. 1982
300 ## - PHYSICAL DESCRIPTION
Extent x,151 p.
365 ## - TRADE PRICE
Price type code INR
Price amount 118.16
925 ## -
-- 118.16
942 ## - ADDED ENTRY ELEMENTS (KOHA)
Koha item type Textual
Classification part X.4sN81, N82
Holdings
Withdrawn status Lost status Damaged status Not for loan Home library Current library Date acquired Source of acquisition Inventory number Total Checkouts Full call number Barcode Date last seen Price effective from Koha item type
        Department of Social Work Library Department of Social Work Library 2025-09-23 K.P. Pubs. 1698 12/01/1983   X.4sN81, N82 SW0020863 2025-09-23 2025-09-23 Textual
Copyright @ Delhi University Library System